000 00321nam a22001337a 4500
008 171016b xxu||||| |||| 00| 0 eng d
020 _a9780324019872
041 _aeng
080 _27TH
_a331.101.262
100 _a52
101 _aBNJ
245 _aORGANIZATION DEVELOPMENT AND CHANGE
_cCUMMINGS,TH.G
942 _2udc
_cBK
999 _c34257
_d34257